Visualizzazione normale
Vista MARC
- BALLETTO [DISCHI]
di Topical Term
Records bibliografici associati: 9
001 - CONTROL NUMBER
- control field: 1086
003 - CONTROL NUMBER IDENTIFIER
- control field: IT-RoPau
005 - DATE AND TIME OF LATEST TRANSACTION
- control field: 20131106225226.0
008 - FIXED-LENGTH DATA ELEMENTS
- fixed length control field: 131106|| aca||aabn | a|a d
040 ## - CATALOGING SOURCE
- Original cataloging agency: IT-RoPau
- Transcribing agency: IT-RoPau
150 ## - HEADING--TOPICAL TERM
- Topical term or geographic name entry element: BALLETTO [DISCHI]
- : Codice MATERIA SPICS: 9950
670 ## - SOURCE DATA FOUND
- Source citation: Work cat.: (IT-RoPau)103119: Adam Adolphe 1083, Giselle (2 Lp Decca Set 433-4)